| 000 | nam a22 a 4500 | ||
|---|---|---|---|
| 999 |
_c3819 _d3819 |
||
| 005 | 20170524091452.0 | ||
| 008 | 170524b1988 - ||||| |||| 00| 0 eng d | ||
| 020 | _a007055966X | ||
| 040 | _aAKMAL | ||
| 082 | _a796.357'0 SEI | ||
| 090 |
_a796.357'0 _bSEI |
||
| 245 |
_aSTREAK _bJOE DIMAGGIO AND THE SUMMER OF '41 _cMICAHEL SEIDEL |
||
| 260 |
_aUNITED STATES OF AMERICA _bMcGRAW-HILL _c1988 |
||
| 300 |
_a260pg,; _c20 cm |
||
| 650 |
_aBASEBALL _97551 |
||
| 942 |
_2ddc _cBOOK |
||